000 00634nam a2200181Ia 4500
008 100920s9999 xx 000 0 und d
082 _b83476
_a--- न 03
100 _aहुद्दार मधुकर.
245 _aकोरल कोव्हच रहस्य.
260 _bगीता एजन्सीज्र, सोलापूर.
_c2003
300 _a182
_bसाधी
365 _b180
520 _aकादंबरी.
630 _aकोरल कोव्हच रहस्य.
650 _aकादंबरी.
730 _aकोरल कोव्हच रहस्य.
942 _cBOOK
999 _c724105
_d724102